South Eastern Kenya University

Library Online Public Access Catalogue


Airport / (Record no. 3966)

MARC details
000 -LEADER
fixed length control field 00494nam a2200205 4500
003 - CONTROL NUMBER IDENTIFIER
control field OSt
005 - DATE AND TIME OF LATEST TRANSACTION
control field 20150616104311.0
008 - FIXED-LENGTH DATA ELEMENTS--GENERAL INFORMATION
fixed length control field 150616b xxu||||| |||| 00| 0 eng d
020 ## - INTERNATIONAL STANDARD BOOK NUMBER
International Standard Book Number 0330023055
040 ## - CATALOGING SOURCE
Original cataloging agency SEKU
050 ## - LIBRARY OF CONGRESS CALL NUMBER
Classification number PR 9199.3
Item number .H3
100 ## - MAIN ENTRY--PERSONAL NAME
Personal name Hailey, Arthur
245 ## - TITLE STATEMENT
Title Airport /
Statement of responsibility, etc. Arthur Hailey.
260 ## - PUBLICATION, DISTRIBUTION, ETC. (IMPRINT)
Place of publication, distribution, etc. London
Name of publisher, distributor, etc. Pan Books Ltd.
Date of publication, distribution, etc. 1968.
300 ## - PHYSICAL DESCRIPTION
Extent 477p.
650 ## - SUBJECT ADDED ENTRY--TOPICAL TERM
Source of heading or term Airports
650 ## - SUBJECT ADDED ENTRY--TOPICAL TERM
Source of heading or term Airplanes
Topical term or geographic name as entry element Collision avoidance
650 ## - SUBJECT ADDED ENTRY--TOPICAL TERM
Source of heading or term Airports
942 ## - ADDED ENTRY ELEMENTS (KOHA)
Source of classification or shelving scheme Library of Congress Classification
Koha item type General circulation
Holdings
Withdrawn status Lost status Source of classification or shelving scheme Damaged status Not for loan Home library Current library Shelving location Date acquired Total Checkouts Full call number Barcode Date last seen Date last checked out Price effective from Koha item type
    Library of Congress Classification     SEHSS - Library SEHSS - Library General Stacks 16/06/2015 2 [EHS] PR 9199.3 .H3 2015/000239 29/10/2015 14/10/2015 16/06/2015 General circulation
Kitui, Kenya.
+254736116989
library@seku.ac.ke